[Event "Arucas op 6th"]
[Site "Arucas"]
[Date "2010.06.18"]
[Round "4"]
[White "Reyes Sanchez, Pedro"]
[Black "Rodriguez Muela, Juan Argelio"]
[Result "0-1"]
[WhiteElo "1200"]
[BlackElo "1323"]
[PlyCount "82"]
[EventDate "2010.06.02"]
[EventType "swiss"]
[EventRounds "5"]
[EventCountry "ESP"]
[SourceTitle "EXT 2024"]
[Source "ChessBase"]
[SourceDate "2023.10.10"]
[SourceVersion "1"]
[SourceVersionDate "2023.10.10"]
[SourceQuality "1"]

1. d4 d5 2. e3 Bf5 3. Nd2 Nf6 4. c4 e6 5. a3 c5 6. Ngf3 Be7 7. Qa4+ Qd7 8. Qb3 0-0 9. Ne5 Qc7 10. Ndf3 cxd4 11. exd4 Nbd7 12. Bf4 Bd6 13. Rc1 Qa5+ 14. Bd2 Qb6 15. Qa4 Qd8 16. cxd5 Nb6 17. Qb3 Nfxd5 18. Bc4 Be4 19. Ba5 Qe7 20. 0-0 f6 21. Bxd5 Bxd5 22. Nc4 Nxc4 23. Rxc4 Bxc4 24. Qxc4 Rfc8 25. Qb3 b6 26. Bc3 Rc7 27. Re1 Re8 28. h3 Qf7 29. d5 e5 30. g4 Rc5 31. Rd1 Rc7 32. Qb5 Kh8 33. Re1 Rc5 34. Qa4 Ra8 35. Bb4 Rxd5 36. Qc6 Rd8 37. Bc3 Rc5 38. Qa4 Qd7 39. Qe4 Qc6 40. Qf5 Rc4 41. Rd1 Be7 0-1